Cantigas para ninar Cecília e poemas para acordar gente grande (Record no. 71582)

MARC details
000 -LÍDER
campo de controle de tamanho fixo 00457 a2200157 4500
001 - NÚMERO DE CONTROLE
campo de controle 71582
020 ## - ISBN - INTERNATIONAL STANDARD BOOK NUMBER
ISBN - International Standard Book Number 8587066137
040 ## - FONTE DA CATALOGAÇÃO
Instituição que transcreveu o registro Anchieta - Colégio São Paulo
100 ## - ENTRADA PRINCIPAL--NOME PESSOAL
Nome pessoal Jacobina, Ronaldo Ribeiro
240 10 - TÍTULO UNIFORME
Título uniforme Cantigas para ninar Cecília e poemas para acordar gente grande
Idioma da obra por
245 10 - TÍTULO
Título Cantigas para ninar Cecília e poemas para acordar gente grande
300 ## - DESCRIÇÃO FÍSICA
Extensão 101
362 0# - DATAS DE PUBLICAÇÃO E/OU DESIGNAÇÃO SEQUENCIAL
Datas de publicação e/ou designação sequencial 2003
650 #4 - ASSUNTO--TERMO TÓPICO
Cabeçalho tópico ou nome geográfico Literatura infanto-juvenil
942 ## - ELEMENTOS DE ENTRADA ADICIONADOS (KOHA)
Tipo de material Koha Livros
Holdings
Situação do descarte Situação das perdas Situação física Não pode ser emprestado Biblioteca de origem Biblioteca atual Data de aquisição Total de empréstimos Código de barras Data de último acesso Data do preço efetivo Tipo de material Koha
        Colégio São Paulo Colégio São Paulo 22/11/2023   731/CSP 22/11/2023 22/11/2023 Livros
        Colégio São Paulo Colégio São Paulo 22/11/2023   732/CSP 22/11/2023 22/11/2023 Livros
        Colégio São Paulo Colégio São Paulo 22/11/2023   733/CSP 22/11/2023 22/11/2023 Livros